Bilecik Bilecik Bilecik Bilecik Bilecik

Dünyanın yeşil tarihi : (Record no. 19325)

MARC details
000 -BAŞLIK
Sabit Uzunluktaki Kontrol Alanı 01200nam a22003377a 4500
001 - KONTROL NUMARASI
Control Dosyası 0019368
003 - KONTROL NUMARASI KİMLİĞİ
Kontrol Alanı KOHA_MİRAKIL
005 - EN SON İŞLEM TARİHİ ve ZAMANI
Kontrol Alanı 20260207002232.0
007 - FİZİKSEL TANIM SABİT ALAN - GENEL BİLGİ
Sabit uzunluklu kontrol alanı ta
008 - SABİT UZUNLUKTAKİ VERİ ÖGELERİ - GENEL BİLGİ
Sabit Alan 100709b2000 tu |||gr||||#||||0|tur |
020 ## - ISBN - ULUSLARARASI STANDART KİTAP NUMARASI
Isbn 9758362070
040 ## - KATALOGLAMA KAYNAĞI
Özgün Kataloglama Kurumu TR-BiSEU
Kataloglama Dili tur
Çeviri Kurumu TR-BiSEU
Açıklama Kuralları rda
041 0# - DİL KODU
Metin ya da ses kaydının dil kodu tur
044 ## - YAYINLAYAN/ÜRETEN KURULUŞUN ÜLKE KODU
ISO country code tu
050 ## - SINIFLAMA ve YER NUMARASI
Sınıflama Numarası GF75
Yer Numarası .P66 2000
100 1# - KİŞİ ADI
Yazar Adı (Kişi adı) Ponting, Clive..
240 10 - TEK BİÇİM BAŞLIK
Tekbiçim Başlık <a href="A green history of the world : the environment and the collapse of great civilizations">A green history of the world : the environment and the collapse of great civilizations</a>
Language of a work Türkçe
245 1# - ESER ADI BİLDİRİMİ
Başlık Dünyanın yeşil tarihi :
Alt Eseradı vb. çevre ve büyük uygarlıkların çöküşü =
-- A green history of the world :
-- the environment and the collapse of great civilizations/
Sorumluluk Bildirimi Clive. Ponting ; C. Ponting; çev. A. Başcı-Sander.
264 #1 - ÜRERİM, YAYIN, DAĞITIM ve TELİF BİLDİRİMİ
Yayın yeri İstanbul :
Yayınlayan Sabancı Üniversitesi
Yayın tarihi 2000
300 ## - FİZİKSEL TANIMLAMA
Sayfa, Cilt vb. xii, 388 s.
336 ## - İÇERİK TÜRÜ
Content type term metin
Content type code txt
Source rdacontent
337 ## - MEDYA TÜRÜ
Media type term aracısız
Media type code n
Source rdamedia
338 ## - TAŞIYICI TÜRÜ
Carrier type term cilt
Carrier type code nc
Source rdacarrier
500 ## - GENEL NOT
Genel Not Kaynakça ve dizin var.
650 #0 - KONU BAŞLIĞI EK GİRİŞ - KONU TERİMİ
Konusal terim veya coğrafi ad Man--Influence on nature.
9 (RLIN) 43490
650 #0 - KONU BAŞLIĞI EK GİRİŞ - KONU TERİMİ
Konusal terim veya coğrafi ad Natural history.
9 (RLIN) 43491
650 #0 - KONU BAŞLIĞI EK GİRİŞ - KONU TERİMİ
Konusal terim veya coğrafi ad Natural resources.
9 (RLIN) 22734
650 #0 - KONU BAŞLIĞI EK GİRİŞ - KONU TERİMİ
Konusal terim veya coğrafi ad Pollution.
9 (RLIN) 13049
650 #0 - KONU BAŞLIĞI EK GİRİŞ - KONU TERİMİ
Konusal terim veya coğrafi ad Social change.
9 (RLIN) 5479
942 ## - EK GİRİŞ ÖGELERİ (KOHA)
Source of classification or shelving scheme Library of Congress Classification
Koha item type Book
Holdings
Materyal Türü Kalıcı Konum Mevcut Konum Sınıflandırma Kaynağı Edinim Bilgisi Ana Konular Alt Konular Yer Numarası Demirbaş Numarası Fatura Tarihi Geri Çekilme Durumu Kayıp Durumu Hasarlı Durumu Kredi için değil Kayıt Tarih Toplam Ödünçverme Son Görülme Tarihi Son Kontrol Tarihi Genel / Bağış Notu
Book BŞEÜ Gölpazarı MYO Kütüphanesi BŞEÜ Gölpazarı MYO Kütüphanesi Library of Congress Classification Bağış COĞRAFYA, ANTROPOLOJİ, REKREASYON Beşerî Ekoloji, Antropocoğrafya GF75 .P66 2000 0019368 02/02/2026         09/07/2010   05/12/2024 05/12/2024 Genel Bağış